| 000 | 00628nam a2200205Ii 4500 | ||
|---|---|---|---|
| 003 | JO-AjNU | ||
| 008 | 230606s9999||||xx |||||||||||||| ||und|| | ||
| 020 | _a978-0-07-062046-9/0-07-062046-6 | ||
| 040 |
_aJO-AjNU _beng _erda _cJO-AjNU |
||
| 041 | _aeng | ||
| 050 | 1 | 4 | _aHF5001.2007 |
| 100 | 3 |
_aTallo,Thelma J, _eauthor _91270 |
|
| 245 | 0 | 0 | _aBusiness Organisation and Management |
| 264 | 3 | 1 | _aNEW DELHI: Tata McGraw-Hill Publishing Company Limited,2007 |
| 300 | _a499p | ||
| 336 |
_atext _btxt _2rdacontent |
||
| 337 |
_aunmediated _bn _2rdamedia |
||
| 338 |
_avolume _bnc _2rdacarrier |
||
| 650 | 4 |
_aBusiness- Management _91271 |
|
| 999 |
_aE669 _c669 _d669 |
||